000 00750nam a2200253Ia 4500
003 OSt
005 20221005130108.0
006 a|||||r|||| 00| 0
007 ta
008 221004b |||||||| |||| 00| 0 eng d
024 _a65766
037 _cTextual
040 _aCRL
_cCRL
_beng
041 _2eng
_aeng
082 _aV5:19055:N5, 122J6
100 _aAron Raymonds Ed.
_9637589
245 0 _aQuerelle de la CED
_b Essais d'analyse sociologique.
260 _c1956
490 _aCahiers de la fondation nationale des sciences politiques; 80
650 _aHISTORY
700 _a Lerner Daniel Ed.
_978003
942 _hV5:19055:N5, 122J6
_cTEXL
_2cc
999 _c1056075
_d1056075